Регионална библиотека "Любен Каравелов" - Русе

The Caucasian Tiger (Запис номер 84607)

MARC детайли
000 -Лидер
Контролно поле с фиксирана дължина 01236nam a2200349 c 4500
003 - Код на организацията, давaща контролен номер
Контролно поле BLK
005 - Дата и час на последна редакция
Контролно поле 20180420224830.0
008 - Елементи от данни с фиксирана дължина
fixed length control field 180408b bul|||||r ||||||| ||bul||
010 ## - Наследен системен номер
LC control number KNG00089195000
020 ## - Международен стандартен номер на книга ISBN
Международен стандартен номер на книга ISBN 978-0-8213-6811-4
-- издат.: The World Bank
040 ## - Източник на каталожния запис
Идентификатор на билиотеката - собственик на записа BLK
041 ## - Код за език
Код за езика на текст/звукозапис или на отделно заглавие Английски
Код за езика КДБФ Английски
080 ## - УДК
Текстов определител УДК Икономическо положение. Икономическа политика. Управление. Планиране. Производство. Услуги. Цени
УДК код - определител по УДК 338
УДК определител (479.25)
УДК - код + определител 338(479.25)
100 1# - Редна дума - Автор
Автор Mitra, Saumya
Авторска отговорност първи автор
R(LIN) 301463
139 ## - Редно поле
Редна дума The Caucasian Tiger
Авторски знак Cau - C 35
245 10 - Сведения за заглавието
Заглавие The Caucasian Tiger
Подзаглавни данни Sustaining Econ. growth in Armenia
Редно поле (дума) Saumya Mitra.
257 ## - Страна на издаване
Страна на създаване/издаване Съединени американски щати
260 ## - Област на издателските данни
-- Washington
Име на издателя, разпространителя и проч. The World Bank
Година на издаване 2007
300 ## - Физическа характеристика
Страници 610 p.
Илюстрации и др. tab., diagr.
Размери/Мащаб 24 cm
380 ## - Жанр
Жанр Обществени науки
500 ## - Общи забележки
Забележка Bibliogr. p.581-589 ; Index
504 ## - Забележка за наличие на библиография и др
Забележка за наличие на библиография и под. 581-589
650 #4 - Допълнително описание по предмет – тема
Основно описание – тема или топоним Икономическо развитие
9 (RLIN) 249162
651 #4 - Допълнително описание по предмет - топоним
Географско понятие Армения
9 (RLIN) 178546
653 ## - Ключова дума – ненормативна
Ключова дума икономическо развитие
653 ## - Ключова дума – ненормативна
Ключова дума Армения
852 ## - Местоположение
Форматна сигнатура Цб 243809
856 4# - Електронен адрес и достъп
Електронен формат pdf - файл
Път до файла /url/
856 4# - Електронен адрес и достъп
Електронен формат pdf - файл
Път до файла /url/
942 ## - АРТИКУЛИ
Вид на библиотечния материал Книги
Скрит в OPAC Не
944 ## - СЪЗДАВАНЕ И РЕДАКЦИЯ на ЗАПИСА
Създаване/Редакция Създаване
Дата на регистрацията/редакция 27.04.2009
Служител, извършил регистрацията/редакцията Милена_Ачева
944 ## - СЪЗДАВАНЕ И РЕДАКЦИЯ на ЗАПИСА
Създаване/Редакция Редакция
Дата на регистрацията/редакция 07.05.2009
Служител, извършил регистрацията/редакцията
999 ## - СИСТЕМНИ КОНТРОЛНИ НОМЕРА
Koha biblionumber 84607
Koha biblioitemnumber 84607
Наличности
Код за отписване Код за изгубен артикул Източник на класификационната схема Код за повреда Коз за рестрикции Код за отдаване Артикулен № Име на библиотеката - собственик Име на библиотеката, в която се намира в момента Статус (Текущо местоположение) Дата на вписване в системата Местоположение - отдел Цена в лева Инвентарен номер Систематично азбучна сигнатура Баркод Номер на екземпляра Цена в евро Служебна бележка Служебен тип на артикула
  Не е изгубен Universal Decimal Classification Не е повреден без рестрикции заемане за дома 137325 Регионална библиотека "Любен Каравелов" Русе Регионална библиотека "Любен Каравелов" Русе Заемна - подръчен фонд 2009-04-27 Заемна - подръчен фонд 0.00 120000735323 П 338(4)/С 35 120000735323 1 0.00 Дост: DA Вид: А N: 5 Дата: 27.04.2009 Дата инв: 05.02.2018 Бележки инв: П2018 Книги
Vip Innovations Ltd, Rousse, Bulgaria 2025